000 00640nam a2200205 i 4500
001 75349
003 ES-MaACL
005 20250827050707.0
007 t|
008 040923s1968 sp ||||1| spa d
080 _a910.4
245 0 3 _aEl gran libro de viajes /
_c[prólogo de Camilo José Cela].
260 _a[Madrid] :
_bSelecciones del Reader's Digest,
_c[1968]
300 _a395 p., 28 lám. col. y n. :
_bil. col. y n. ;
_c26 cm.
650 7 _aViajes
_2embne
_917778
700 1 _aCela, Camilo José,
_d1916-2002
_937336
710 2 _aSelecciones del Reader's Digest.
_96545
852 4 _aES-MaACL
_jG-5122
999 _c75349
_d75349